[Event "Bermuda m"]
[Site "Bermuda"]
[Date "2000.02.13"]
[Round "6"]
[White "Seirawan, Yasser"]
[Black "Adams, Michael"]
[Result "1/2-1/2"]
[WhiteElo "2647"]
[BlackElo "2715"]
[Annotator "Golod,V"]
[PlyCount "85"]
[EventDate "2000.02.08"]
[EventType "match"]
[EventRounds "8"]
[EventCountry "BER"]
[SourceTitle "CBM 076"]
[Source "ChessBase"]
[SourceDate "2000.05.31"]
[SourceVersion "1"]
[SourceVersionDate "2000.05.31"]
[SourceQuality "1"]

1. d4 Nf6 2. c4 e6 3. Nc3 Bb4 4. Qc2 d5 5. cxd5 Qxd5 6. Nf3 Qf5 7. Qxf5 {
After this move,white has a very small advantage in the endgame.} exf5 8. a3 $5
{[%mdl 4]} ({Other alternatives are:} 8. Bd2 $5 {You can see comments to
Sergienko,S-Lopushnoy,D/St.Petersburg, 1999/CBM 71(1-0)(Golod,V)(49) and Ward,
C-Speelman,J/Southend,1999/CBM71(1/2-1/2)(Golod,V)(44)}) ({and} 8. Bf4 $5 {
See comments to Golod,V-Psakhis,L/Tel-Aviv,1999/CBM 71 (1-0)(Golod,V)(67)})
8... Be7 ({Other possibilities are:} 8... Bd6 $5) ({and} 8... Ba5 $6 {See
comments to Relange,E-Kortschnoj,V/Cannes,1996/CBM 51 (1/2-1/2)(Dautov,R)(39)})
9. Bg5 ({Beisides,white has four options:} 9. Bf4 $5 c6 {transfer to 8.Bf4 c6
9.a3 Be7}) (9. Ne5 {See comments to Chabanon,J-Frendzas,P/ Peristeri,1994/CBM
46(1-0) (Konikowski)(37)}) (9. b4 $5 c6 10. e3 O-O $5 (10... Be6 11. Bd3 Nbd7
12. Ng5 Nd5 13. Nxe6 fxe6 14. Bd2 $14 {Alterman,B-Hamdouchi,H/Cap d'Agde,1994 
(0-1)(50)}) 11. Bd3 g6 12. Bb2 Nbd7 13. Na4 Nd5 14. Rc1 Bf6 15. O-O N5b6 16.
Nc5 Nxc5 17. bxc5 Nd5 {+/=/= Arlandi,E-Romanishin,O/Torino,1998 (1/2-1/2)(33)})
({and} 9. e3 Be6 10. Bd3 h6 11. O-O Nbd7 12. Bd2 Nb6 13. Rfc1 c6 14. b4 O-O 15.
Ne2 Nbd5 $11 {Dao Thien Hai-Short,N/Yerevan,1996(0-1) (44)}) 9... c6 {[%csl
Rb5,Yc6,Rd5][%cal Yc6d5,Yc6b5]} 10. e3 Be6 11. Ne5 $5 $146 {Probably with the
idea 12.Nc4-a5(קb7) or 12.Bc4} ({Was checked in the previous games:} 11. Bd3
Nbd7 12. O-O h6 13. Bh4 a5 14. Rac1 O-O 15. Ne2 g5 16. Bg3 Ne4 $11 {Kasparov,
G-Kramnik,V/Linares,1999 (1/2-1/2)(20)}) ({and} 11. Nd2 $5 {[%csl Rb7][%cal
Gd2c4,Gc4a5]} Nbd7 12. Nc4 a5 13. Be2 b5 $6 14. Nd2 Nb6 15. Bxf6 Bxf6 16. Bf3
$14 {Kharlov,A-Olafsson,H/Cappelle la Grande FRA,1999(1-0)(32)}) 11... h6 ({
Slightly dubious:} 11... O-O {because of:} 12. Nc4 {[%csl Rb7][%cal Gc4a5]} (
12. Bc4 $143 Rd8 13. Bxe6 fxe6 $11) 12... a5 13. Nb6 Ra7 14. Be2 $14) 12. Bh4 (
{Much worse is:} 12. Bxf6 Bxf6 13. Nc4 Bxc4 $5 14. Bxc4 Nd7 $11 {[%csl Yc4,Gf6]
}) ({or} 12. Bf4 Nh5 $11 {[%csl Rf4]}) 12... a5 $1 ({Also good enough:} 12...
Nbd7 13. Nc4 $140 (13. Nxd7 Kxd7 $11) 13... a5 $1 {+/=/=}) ({Senselessly:} 
12... g5 13. Bg3 Nh5 14. Be2 Nxg3 15. hxg3 $14) 13. Bc4 (13. Bd3 $143 Nbd7 14.
Nxd7 Kxd7 {with equal odds in the middlegame.}) 13... Bxc4 14. Nxc4 Nbd7 {+/=/=
} 15. O-O $6 ({In my opinion a little better is:} 15. Bxf6 Nxf6 16. Ke2 {+/=/=}
) 15... Nd5 $1 {After this strong move Michael Adams equalizes!} 16. Bxe7 ({
Badly:} 16. Bg3 {in view of:} Nxc3 17. bxc3 b5 18. Nd6+ Bxd6 19. Bxd6 Nb6 {
[%csl Rc4][%cal Gb6c4] =/=/+}) 16... Kxe7 17. Rfc1 {/\18.Rc2 and Rac1<->c} (17.
Nxd5+ cxd5 18. Nd2 Rhc8 19. Rfc1 $11) 17... Rhc8 18. Rc2 Nxc3 19. Rxc3 ({
Dubious:} 19. bxc3 {because of:} b5 {/\20...c5}) 19... a4 20. Rac1 Ra6 {
[%csl Ya6]} 21. f3 {[%cal Gg1f2,Gf2e2]} Rd8 $5 {[%csl Gc1,Gc3,Rc8,Yd8][%cal
Gc6c5,Yc8d8]} 22. Kf2 c5 $11 23. dxc5 Nxc5 24. Ne5 Ne6 {[%csl Rc7,Ye6]} ({
It deserves attention:} 24... Nb3 25. R1c2 Ke6 26. Nd3 Rad6 27. Ke2 $11 {
[%cal Gd3c5,Gd3f4]} (27. Nc5+ $6 Nxc5 28. Rxc5 Rd2+ 29. Ke1 (29. Kg3 Rxc2 30.
Rxc2 Rd3 {=/=/+}) 29... Rxc2 30. Rxc2 Rd3 {[%csl Re3][%cal Gd3b3] =/=/+})) 25.
R1c2 Rad6 26. f4 $6 {[%csl Re4,Yf3][%cal Gf2f3]} ({Probably white will have
less problems after:} 26. Ke2 $11 {[%cal Gc3d3]}) 26... g5 $5 {This move to
all appearance better than:} (26... Rd2+ 27. Kf3 Rxc2 28. Rxc2 f6 29. Nc4 b5
30. Nd2 $11) 27. Nf3 g4 ({From my point of view only chance struggle for
advantage:} 27... gxf4 28. exf4 Nxf4 {=/=/+ and impossibly:} 29. Rc7+ $6 R6d7
$140 30. Ne5 $4 Rxc7 31. Rxc7+ Kd6 $19 {[%csl Rc7,Re5]}) 28. Ne5 Rd2+ 29. Kg3
R8d5 ({Also equality after:} 29... Rxc2 30. Rxc2 f6 31. Nc4 (31. Ng6+ $2 Kf7
32. Nh4 Rd5 33. h3 h5 34. hxg4 hxg4 $15 {[%csl Rh4]}) 31... b5 32. Nd2 Rd3 33.
Kf2 Nc5 34. Ke2 Rd5 $11) 30. h3 Rxc2 31. Rxc2 f6 32. Nc4 Rc5 {[%csl Rc2][%cal
Gb7b5]} 33. Rc3 $11 b5 34. Nd2 Rd5 ({Is a possible continuation of the play:} 
34... Rxc3 35. bxc3 gxh3 (35... h5 $6 36. Kh4 Ng7 37. c4 $36) 36. gxh3 Kd6 37.
Kh4 Ng7 $11 {[%csl Yg7]}) 35. Rc2 gxh3 36. gxh3 Nc5 {[%csl Gc5,Rd2,Rg3][%cal
Gd5d2]} 37. Nf3 {[%cal Gf3d4]} Ne6 {[%csl Ye6]} 38. Kf2 Kd6 39. Ke2 Rc5 40.
Rxc5 Kxc5 41. Kd3 Kd5 42. Nd4 {[%csl Rb5,Rf5]} (42. Nh4 Nc5+ 43. Kc3 $2 (43.
Ke2 $11) 43... Ke4 44. Kb4 $140 Nd3+ 45. Kxb5 Nxb2 $17) 42... Nxd4 $1 43. exd4
({Now obvious draw:} 43. exd4 h5 44. h4 Kd6 45. Kc3 Kd5 46. Kd3 $11 (46. Kb4 $2
Kxd4 47. Kxb5 Ke4 48. Kxa4 Kxf4 49. b4 Kg4 50. b5 f4 51. b6 f3 52. b7 f2 53.
b8=Q f1=Q {=/+/-/+ Q_|_})) 1/2-1/2

[Event "Bermuda m"]
[Site "Bermuda"]
[Date "2000.02.15"]
[Round "8"]
[White "Seirawan, Yasser"]
[Black "Adams, Michael"]
[Result "1/2-1/2"]
[WhiteElo "2647"]
[BlackElo "2715"]
[Annotator "Golod,V"]
[PlyCount "51"]
[EventDate "2000.02.08"]
[EventType "match"]
[EventRounds "8"]
[EventCountry "BER"]
[SourceTitle "CBM 076"]
[Source "ChessBase"]
[SourceDate "2000.05.31"]
[SourceVersion "1"]
[SourceVersionDate "2000.05.31"]
[SourceQuality "1"]

1. d4 Nf6 2. c4 e6 3. Nc3 Bb4 4. Qc2 d5 5. cxd5 Qxd5 6. e3 c5 {It's main line,
other lines are:} (6... e5 $5 {See comments to Sakaev,K-Pigusov,E/St.
Petersburg,1999/CBM 71(1/2-1/2)(Golod,V) (41)}) ({and} 6... O-O) 7. Bd2 ({
Another alternative is:} 7. a3 {See comments to Bareev,E-Gelfand,B/ Novgorod,
1997/CBM 60 (1/2-1/2)(Tsesarsky,I) (30)}) 7... Bxc3 8. Bxc3 {Much less common
than 8.bxc3, which was popular in the 1930s. Comments to this part of the game
(8-10moves) you can find in annotations to game:Kramnik,V-Anand,V/Frankfurt,
1999(rapid)/ CBM 72 (1/2-1/2)(Golod,V)(49)} cxd4 9. Bxd4 Nc6 10. Bc3 Qc5 $5 {
[%mdl 4] Besides,black has two principales options:} (10... e5 $5 {See
comments to games: Kramnik,V-Anand,V/Frankfurt,1999/CBM 72 (1/2-1/2)  (Golod,V)
(49) and Gelfand,B-Speelman,J/Las Vegas,1999/ CBM 72(1-0)(Golod,V)(53)}) ({and
} 10... O-O {You can see comments to Shipov,S-Short,N/Port Erin,1999/CBM 74 
(1-0)  (Golod,V)(43)}) 11. Rc1 Bd7 ({Also was checked in the previous games:} 
11... O-O 12. b4 $1 (12. Nf3 $143 Nd5 13. Bd2 Qxc2 14. Rxc2 e5 $5 (14... Rd8
15. a3 h6 16. Bb5 Bd7 17. Bc4 Nb6 18. Bb3 Ne7 {+/=/= Dreev,A-Adams,M/LasVegas,
1999 (1/2-1/2)(51)}) 15. Rc5 Rd8 16. Bc4 Nb6 17. Bb3 Re8 18. Ng5 Re7 19. f3 Nd7
20. Rc1 Nf6 $11 {Kasparov,G-Anand,V/Frankfurt,1999(rapid) (1/2-1/2)(22)}) 12...
Qe7 (12... Nxb4 $2 13. Qd2 $1 {[%csl Rb4,Rf6]}) 13. a3 a6 14. Nf3 e5 15. Be2
Bg4 16. O-O Rfe8 17. h3 Bh5 18. Rfd1 $14 {Beliavsky,A-Komarov,D/Vrnjacka Banja,
1999 (1-0)(32)}) 12. Nf3 ({It deserves attention:} 12. a3 Rc8 13. Nf3 Ne7 14.
Bd3 Ned5 15. Bd2 Qxc2 16. Bxc2 O-O 17. O-O {+/=/= Georgiev,K-Shaked,T/Las
Vegas,1999 (1-0)(101)}) {In following seven games has arised the main line,but
one move earlier by the next move order:6.Nf3 c5 7.Bd2 Bxc3 8.Bxc3 Nc6 9.dxc5
Qxc5 10.Rc1 Bd7 11.e3} 12... O-O $5 ({Another possibility is:} 12... Rc8 $5 13.
a3 (13. Bxf6 $6 Qxc2 14. Rxc2 gxf6 15. Bb5 Ke7 16. O-O Ne5 $1 {=/=/+ Lopez
Arce,A-Poulsen,C/Buenos Aires, 1939(0-1)(61)}) (13. Be2 Nd5 14. Qb1 (14. Bd2 $5
) 14... Nxc3 15. Rxc3 Qe7 16. O-O O-O $11 {Gulko,B-Smyslov,V/Tilburg,1992
(rapid)(0-1)(53)}) 13... O-O (13... Ne7 $5 14. Qb1 $6 (14. Bd3 $142) 14... O-O
15. Bd3 Bb5 16. O-O Bxd3 17. Qxd3 Qd5 $11 {Mohamed,E-Abo Nar,M/Cairo,1996(1-0)
(58)}) 14. Bd3 e5 15. O-O Qe7 16. Rfd1 Rfd8 17. Bf5 Bxf5 18. Qxf5 {+/=/=
Shocron,R-Sanguineti,R/Buenos Aires, 1958(1/2-1/2)(24)}) 13. Qb1 {[%csl Rc5]
[%cal Gc3f6]} ({In my opinion a little bit better is:} 13. a3 $5 Nd5 14. Bd3 {
[%csl Rh7]} g6 15. Bd2 Qxc2 16. Rxc2 Rfc8 17. O-O Nce7 18. Rfc1 $14 {Flohr,
S-Najdorf,M/Groningen,1946(1/2-1/2) (54)}) (13. Be2 h6 14. Qb1 Qe7 15. O-O Nd5
16. Rfd1 Nxc3 17. Rxc3 Rfd8 $11 {Hollis,A-Fazekas,S/Bath,1963(1/2-1/2)(17)})
13... Qe7 14. Bd3 $5 $146 {[%csl Gb1,Gd3,Rh7][%cal Gc3f6]} ({After:} 14. Be2 {
black equalizes:} Nd5 (14... e5 $6 15. O-O Rfe8 16. Rfd1 $14 {[%csl Rd7]}) 15.
O-O (15. Bd2 e5 $5 16. e4 $140 Nf4 17. Bxf4 exf4 $11) 15... Nxc3 {1/2-1/2
Kelecevic,N -Landenbergue,C/Biel,1996(14)} 16. Rxc3 $11) 14... Nb4 $1 ({
Slightly dubious:} 14... e5 {in view of:} 15. O-O (15. Ng5 $143 h6 16. Ne4 Nd5
17. Bd2 Rfd8 18. Nc5 Be8 $11) 15... Rfe8 16. Bc4 $36 {[%csl Rf7]}) 15. Bxf6 $6
({It was leading to small positional advantage:} 15. Be2 Nbd5 16. Bd2 e5 17.
O-O e4 18. Nd4 Rac8 {+/=/=}) 15... Nxd3+ $8 16. Qxd3 gxf6 17. O-O ({
Senselessly:} 17. Rc7 {because of:} Qb4+ 18. Qd2 Qxd2+ 19. Kxd2 Bc6 20. Rc1
Rfc8 21. Rxc8+ Rxc8 $11) 17... Rac8 18. e4 Rfd8 $11 19. h3 ({A little worse is:
} 19. Rxc8 Rxc8 20. Qe3 a6 21. Rc1 Rxc1+ 22. Qxc1 Bc6) 19... Rxc1 20. Rxc1 Bc6
21. Qe3 Qb4 {[%csl Rb2,Re4]} 22. Ne5 $1 {[%mdl 64]} ({Differently,after:} 22.
Re1 Qxb2 23. Qxa7 Qc3 24. Qe3 Qxe3 25. Rxe3 {black has a slight advantage in
the endgame.}) 22... Qxe4 ({Also equality after:} 22... Bxe4 23. Rc4 {[%csl
Rb4,Re4]} (23. Ng4 $2 Qxb2 $17) 23... Rd1+ (23... Qxb2 $2 {is refuted by:} 24.
Rxe4 Rd1+ (24... fxe5 $2 25. Qg5+ {[%csl Rd8,Rg8]}) 25. Kh2 fxe5 26. Qg5+ Kf8 (
26... Kh8 27. Rg4 $18 {[%csl Rh8]}) 27. Rc4 $1 $18 {[%csl Rf8][%cal Gc4c8]})
24. Kh2 Qe1 25. Rxe4 Qxe3 26. Rxe3 fxe5 27. Rxe5 Rd2 28. Rb5 $11) ({Loses:} 
22... fxe5 $4 23. Qg5+ {[%csl Rd8,Rg8]}) 23. Qg3+ Kf8 $8 24. Qa3+ Kg7 (24...
Ke8 $6 25. Nxc6 bxc6 26. Qxa7 $14) 25. Qg3+ {Game was ended in the draw
because Yasser Seirawan didn't want to risk,though after:} (25. Nxc6 bxc6 26.
Qxa7 Rd2 27. b3 Qf4 $1 $11 {[%csl Rc1,Gf4][%cal Gd2f2]}) 25... Kf8 26. Qa3+
1/2-1/2

[Event "Vidmar Memorial 16th"]
[Site "Portoroz"]
[Date "2005.07.11"]
[Round "3"]
[White "Beliavsky, Alexander G"]
[Black "Bartel, Mateusz"]
[Result "1-0"]
[WhiteElo "2599"]
[BlackElo "2540"]
[Annotator "Golod,V"]
[PlyCount "51"]
[EventDate "2005.07.09"]
[EventType "tourn"]
[EventRounds "9"]
[EventCountry "SLO"]
[EventCategory "12"]
[SourceTitle "CBM 108"]
[Source "ChessBase"]
[SourceDate "2005.09.26"]
[SourceVersion "1"]
[SourceVersionDate "2005.09.26"]
[SourceQuality "1"]

1. d4 Nf6 2. c4 e6 3. Nc3 Bb4 4. Qc2 d5 5. cxd5 Qxd5 6. Nf3 Qf5 7. Qxf5 exf5 8.
Bd2 c6 9. e3 ({Another option is:} 9. g3 $5 {You can see my comments to
Sergienko,S-Lopushnoy,D/St.Petersburg 1999/CBM 71(1-0)(49)}) 9... Be6 ({
More popular continuation is:} 9... Nbd7 $5 {See comments to Beliavsky,
A-Romanishin,O/Groningen,1993/CBM 39(0-1)(Kortschnoj)(57)}) 10. Ng5 {Rare, but
logical move: White wants to exchange his knight for black's bishop and play
the endgame with the advantage of two bishops.} ({Other lines are:} 10. Bd3 $5)
({and} 10. Be2 $5) 10... Nbd7 ({An attempt to immediately exchange one of
white's bishops was checked in next game:} 10... Bd5 $5 11. Nxd5 Bxd2+ 12. Kxd2
Nxd5 13. Bc4 h6 14. Nf3 Nf6 15. Ne5 Ne4+ 16. Ke2 Nd6 17. Bb3 Nd7 18. Nd3 O-O-O
19. Rac1 Kb8 20. Rhd1 Rhe8 21. Kf1 $14 {Azmaiparashvili,Z-Kortschnoj,V/Moscow,
1995(1-0)(57)}) 11. Nxe6 ({Also after:} 11. Bd3 $5 h6 12. Nxe6 fxe6 13. O-O-O
O-O-O 14. Ne2 Bd6 15. f3 Nb6 16. Rhe1 Rhe8 17. h3 h5 18. Kb1 $14 {White keeps
a small advantage. For further information you can see the next game:
Sinkovics,P-Papp,Z/Zalakaros,2000(1-0)(32)}) 11... fxe6 {+/=/= In this
position White has a very little advantage thanks to his bishop pair. But
Black haven't serious weaknesses and could hope for the best in the future.}
12. Bc4 $6 ({Much better was:} 12. Bd3 $5 {[%cal Yf2f3,Ye3e4] prepares a pawn
attack in the centre and prevents Black from playing "e5" for the present.})
12... Ke7 13. a3 $146 (13. O-O $143 a5 (13... Rhd8 $5) 14. a3 Bd6 15. f3 Rhd8
16. e4 fxe4 (16... e5 $5 $15) 17. Nxe4 Nxe4 18. fxe4 h6 19. Rf3 Bc7 20. Raf1
Rf8 21. Rxf8 Rxf8 22. Rxf8 Nxf8 $14 {Pohlers,J-Simon,H/Bad Meinberg,2003(0-1)
(47)}) 13... Bd6 14. f3 e5 $11 {After this move, Black rescues himself from
his sole weakness, and fully equalizes the position.} 15. dxe5 $6 {Doubtful
decision.} ({But also after:} 15. O-O-O g6 16. Bd3 exd4 17. exd4 Nb6 18. Rhe1+
Kf7 {Black has comfortable play.}) 15... Nxe5 {[%csl Rd3]} 16. Ba2 $5 ({
Another possibility was:} 16. Be2 Rad8 17. Rd1 Rhe8 18. e4 (18. Kf2 $5) 18...
fxe4 19. Nxe4 Nxe4 20. fxe4 Ke6 $11) 16... b5 {Now Black has the initiative,
and he chose a very active plan, that is tied with an attack on queenside. But
in this case, White has good chances for counterplay thanks to his two bishops
and the unstable position of black's king. Another option was more
"centralictic" and started with 16...Rad8 in order to use the open "d" file
and the weak "d3" square.} 17. Ke2 $1 {White finally connected his rooks.} ({
Problematic for White was to play:} 17. Bb1 {[%csl Rc4] because the weak "c4"
square.}) 17... a5 18. Rhd1 Rhb8 $6 ({In light of next moves could be
recommended:} 18... Rhd8 $5) 19. Be1 Nc4 $6 {Unfortunately for Black, his main
idea doesn't work.} (19... b4 $5 20. Na4 (20. Rxd6 $2 Kxd6 21. Rd1+ Ke7 (21...
Kc7 $143 22. Bg3 Re8 23. Na4 {=/+/-/+}) 22. Na4 Rb5 {-/+/-+}) 20... bxa3 21.
bxa3 Bxa3 22. Bb1 Bd6 23. f4 Neg4 24. Bxf5 Rb3 $13) 20. Rac1 $1 {A little trap.
} ({The next exchanging combination lead only to equality:} 20. Bxc4 bxc4 21.
Rxd6 Kxd6 22. Bg3+ Ke6 23. Bxb8 Rxb8 24. Na4 Nd5 25. Rc1 Nb6 $11) 20... Bxh2 (
20... Nxb2 $2 21. Rxd6 Kxd6 22. Bg3+ Ke7 23. Bxb8 Rxb8 24. Rb1 $18 {[%csl Gb1,
Rb8]}) 21. Bxc4 bxc4 22. Na4 Be5 23. Rxc4 $14 {After couple of exchanges,
White has an advantage thanks to a better position of his pieces.} Bxb2 $2 (
23... Ra6 $142 {, protecting "c6" pawn.}) 24. Rxc6 $16 {[%csl Ra8,Re7][%cal
Ga4b6,Gb6c8] Now White has an unpleasant threat 25.Nb6 and 26.Nc8, winning
material.} Rc8 $4 ({The only way to continue the fight was:} 24... Bxa3 $5 25.
Nb6 Ra7 26. Bg3 Re8 27. Nc8+ Rxc8 28. Rxc8 $16) (24... Kf7 $2 25. Bg3 Bxa3 (
25... Rb7 $143 26. Rb1 $18) (25... Rb5 $143 26. Rb1 $18) (25... Rb3 $143 26.
Rb1 Rxa3 27. Nxb2 $18) 26. Bxb8 Rxb8 27. Nb6 {+/-/+- After the last move (24...
Rc8) the game finished immediately.}) 25. Rxc8 Rxc8 26. Nxb2 {The further
resistance is senseless.} 1-0

[Event "Redbus KO"]
[Site "Southend"]
[Date "1999.04.02"]
[Round "1.2"]
[White "Ward, Christopher"]
[Black "Speelman, Jonathan S"]
[Result "1/2-1/2"]
[WhiteElo "2482"]
[BlackElo "2601"]
[Annotator "Golod,V"]
[PlyCount "88"]
[EventDate "1999.04.??"]
[EventType "k.o."]
[EventRounds "4"]
[EventCountry "ENG"]
[SourceTitle "CBM 071"]
[Source "ChessBase"]
[SourceDate "1999.08.01"]
[SourceVersion "1"]
[SourceVersionDate "1999.08.01"]
[SourceQuality "1"]

1. d4 Nf6 2. c4 e6 3. Nc3 Bb4 4. Qc2 d5 5. cxd5 Qxd5 6. Nf3 Qf5 7. Qxf5 {
[%mdl 4] After this move,white has a very small advantage in the endgame.Other
lines are:} (7. Qb3 $5 {-see comments to Dreev,A-Bareev,E/Elista,1998/CBM 65
(0-1) (Golod,V)(32)}) ({and} 7. Qd1 {-see comments to Ivanov,S-Landa,K/St.
Petersburg,1999/CBM 71(1/2-1/2)(Golod,V)(56)}) 7... exf5 8. Bd2 $5 {Other
alternatives are:} (8. Bf4 $5 {-see comments to Kortschnoj,V-Topalov,V/Tilburg,
1998/CBM 68(1/2-1/2)(Golod,V)(43) and Golod,V-Psakhis,L/Tel-Aviv,1999/CBM 71
(1-0)(Golod,V)(67)}) ({and} 8. a3 $5) 8... c6 (8... Be6) ({and} 8... O-O {
-was checked in the previous games.}) 9. g3 ({Another alternative is:} 9. e3 {
-see comments to Beliavsky,A-Romanishin,O/Groningen,1993/CBM 39(0-1)
(Kortschnoj)(57)}) 9... Be6 $5 $146 {[%csl Rd5][%cal Gb8d7,Gd7b6]} (9... Nbd7
$5 {[%csl Rd5][%cal Gd7b6] -see comments to Sergienko,S-Lopushnoy,D/St.
Petersburg 1999/CBM 71(1-0)(Golod,V)(49)}) 10. Bg2 {Besides,white has two
options:} (10. Ng5 $5 Bd5 (10... Bxc3 $143 11. bxc3 Bd5 12. f3 {/\Bg2,e4} h6
13. Nh3 $14 {[%cal Gh3f2,Gf1g2,Ge2e4]}) 11. Nxd5 Bxd2+ 12. Kxd2 cxd5 {+/=/=}) (
{and} 10. a3 Be7 11. Bg2 Nbd7 {-transfers to-10.Bg2}) 10... Nbd7 11. a3 ({
Also possibly:} 11. O-O O-O 12. Rfc1 $5 {[%csl Yd2,Ye1]}) 11... Be7 12. O-O O-O
({Senseless:} 12... a5 {in view of:} 13. b4 O-O (13... axb4 $143 14. axb4 O-O (
14... Rxa1 $6 15. Rxa1 $140 Bxb4 $4 16. Ra8+ {[%csl Rh8]}) 15. b5 $36) 14. b5 {
+/=/=}) 13. b4 $5 {White's plan is:Rfc1/\Na4-c5 or /\Ne1-d3} Ne4 $5 ({Also
good enough:} 13... Nb6 $5) ({and} 13... Rfe8 $5) 14. Rfc1 ({In principle:} 14.
Nxe4 $5 fxe4 15. Ng5 Bc4 ({Slightly worse is:} 15... Bxg5 16. Bxg5 h6 17. Bf4
Bd5 18. Rfc1 $14) 16. Nxe4 (16. Rfe1 $6 f5 {[%cal Gh7h6]}) 16... Bxe2 17. Rfe1
Ba6 $11) 14... Nb6 $6 ({Can be recommended:} 14... Ndf6) 15. Be1 (15. Nxe4 $142
fxe4 16. Ng5 Bg4 (16... Bxg5 $143 17. Bxg5 {and white has a positional
advantage.}) 17. Nxe4 ({worse is:} 17. Kf1 {because of:} Rad8 $11) 17... Bxe2
18. Re1 {with slight advantage in the endgame.}) 15... Nxc3 16. Bxc3 Bd5 $11
17. Ne5 $5 {with the idea:Nd3,e3,Be1 and Nc5} ({Dubious:} 17. a4 {in view of:}
Be4 {[%cal Gb6d5]}) 17... Bxg2 18. Kxg2 Bd6 $5 {[%csl Gf5][%cal Gd6h2] This
move is better than:} (18... Bf6 19. Nd3 Rfe8 20. e3 Rad8 21. Nc5 Re7 22. a4
Nd5 23. Be1 {and white has a small advantage in the endgame.}) 19. Nd3 Rfe8 20.
e3 Nd5 21. Bd2 g5 $1 {[%cal Gf5f4]} 22. Kf3 $5 Re6 {/\Rae8 and e4; or Rh6} ({
Loses right away:} 22... f4 $4 {in view of:} 23. gxf4 gxf4 24. e4 $18) 23. a4 {
[%cal Gb4b5]} Rh6 24. Kg2 Re6 25. b5 $5 ({After:} 25. Kf3 Rh6 26. Kg2 {-draw})
25... cxb5 26. axb5 {[%csl Ra7] /\Ra4,Rca1(weaknessPa7)} f4 $1 27. Nc5 ({
Also eguality after:} 27. exf4 gxf4 28. Bxf4 (28. gxf4 Re4 29. Ra4 Nb6 30. Kf3
f5 $11 {[%csl Ya4,Rd4]}) 28... Bxf4 29. Nxf4 (29. gxf4 a5 $1 $11 (29... Re4 $2
30. Ra4 {+/=/+/-} Nxf4+ $140 $2 31. Kf3 Nxd3 32. Rg1+ $18 {[%csl Re4]})) 29...
Nxf4+ 30. gxf4 a5 $5 $11 {_|_}) 27... fxe3 28. fxe3 ({Badly:} 28. Nxe6 {
because of:} exd2 29. Rxa7 $1 Rd8 (29... Rxa7 $4 30. Rc8+ Bf8 31. Rxf8#) (29...
dxc1=Q $4 30. Rxa8+ {and mate in 2}) 30. Rd1 fxe6 31. Rxd2 b6 $15) 28... Bxc5
$1 (28... Re7 $6 29. e4 Bxc5 30. dxc5 $1 (30. Rxc5 $143 Rxe4 31. Rxd5 Re2+ 32.
Kh3 Rxd2 33. Rxg5+ Kf8 $11) 30... Rxe4 31. Bxg5 $14) 29. Rxc5 Rd8 $1 ({Badly:} 
29... Nxe3+ {because of:} 30. Kf3 $1 {[%csl Re3,Rg5]} (30. Bxe3 Rxe3 31. Rxg5+
Kf8 $11) 30... g4+ 31. Kf4 Rae8 32. Rg5+ $1 Kh8 $8 (32... Kf8 $4 33. Bb4+ $18)
33. Bxe3 Rxe3 34. Rxa7 R3e4+ 35. Kf5 Rxd4 36. Rxb7 {+/-/+/=}) 30. Rxa7 b6 31.
Rc2 ({In my opinion slightly better is:} 31. Rc6 Nxe3+ 32. Bxe3 Rxe3 33. Rxb6
Rxd4 34. Rf6 Re2+ 35. Rf2 (35. Kh3 $4 g4+ 36. Kh4 Rxh2+ 37. Kg5 h6+ $1 38. Rxh6
(38. Kf5 Rh5#) 38... Rd5+ 39. Kxg4 Rxh6 $19) 35... Rxf2+ 36. Kxf2 Rb4 $11)
31... Rxe3 $5 {Differently after:} (31... Nxe3+ 32. Bxe3 Rxe3 {-equality}) 32.
Kf2 Rb3 {[%csl Rb5]} 33. Bxg5 Re8 34. Kg2 $6 ({Slightly better is:} 34. Re2
Rxe2+ 35. Kxe2 Kg7 36. Rd7 Rxb5 37. Kd3 Nf6 $11) 34... Kg7 ({Worse is:} 34...
Rxb5 {in view of:} 35. Bh6) 35. Rf2 Rf8 36. Rf5 (36. Be7 $5 Nxe7 37. Rxe7 Rxb5
$11) 36... Rxb5 37. Kh3 $2 {Probably this mistake because of zeitnot.} (37. Rf2
$5 $11) 37... Kg6 {[%csl Rf5,Rg5]} 38. g4 h5 $1 39. Re5 ({Loses right away:} 
39. Rd7 {because of:} hxg4+ 40. Kxg4 Ne3+ 41. Bxe3 Rxf5 $19) ({Most likely
better is:} 39. Rb7) 39... hxg4+ (39... f5 $6 40. Kh4 $1 hxg4 41. Re6+ Nf6 {
[%cal Gf8h8]} 42. Bxf6 Rxf6 $140 43. Ree7 $11 {[%cal Ge7g7]}) (39... f6 $2 40.
gxh5+ Kxh5 41. Bxf6+ Kg6 42. Bg5 $14) 40. Kh4 $8 (40. Kxg4 $4 f5+ $19 {[%csl
Rg5]}) 40... Rh8+ $1 (40... f6 {is refuted by:} 41. Bxf6 $1 {[]} Kxf6 (41...
Rxf6 42. Rg5+ Kh6 43. Rh5+ Kg6 44. Rg5+ $11) 42. Rd7 Nc3 43. Rd6+ Kg7 44. Rxb5
Nxb5 45. Rxb6 Nxd4 46. Kxg4 $11) 41. Kxg4 f5+ $2 (41... f6 $5 42. Re6 Rb4 (
42... Rxh2 $5) 43. Be3 Nxe3+ 44. Rxe3 Rxd4+ 45. Kg3 $17 {R_|_}) ({Very
strongly:} 41... Rh7 $1 {[%csl Ra7][%mdl 64]} 42. Ra2 (42. Rf5 Ne3+ 43. Bxe3
Rxf5 $19) 42... f6 43. Re6 Rg7 $1 $19 {[%csl Re6,Rg5][%cal Gg6f7,Gg6h7]}) 42.
Rxf5 $8 Ne3+ 43. Bxe3 Rxf5 44. Rb7 Rxh2 $6 $11 (44... Rb5 $142 45. h4 $5 {
with good chances for a draw.} (45. d5 $143 Rb4+ 46. Kg3 b5)) 1/2-1/2